000 00736nam a2200277Ia 4500
005 20260324112400.0
008 008 260324s9999 xx 000 0 eng d
020 _a9781003373940
037 _aEBOOK
040 _aCRL
040 _beng
040 _cCRL
041 _2eng
041 _aeng
084 _qCRL
100 _aB.G.D.A. Madhusanka; Sureswaran Ramadass; Premkumar Rajagopal; H.M.K.K.M.B. Herath
_91142461
245 0 _aArtificial Intelligence-Based System for Gaze-Based Communication
260 _bTaylor and Francis
260 _c2024
365 _a
365 _b260
856 _uhttp://www.taylorfrancis.com/books/9781003373940
942 _cEBOOK
999 _c1731648
_d1731648